| 000 | 00951nam a22002177a 4500 | ||
|---|---|---|---|
| 005 | 20250207155025.0 | ||
| 008 | 250207b |||||||| |||| 00| 0 eng d | ||
| 020 | _a978-81-89918-68-2 (hbk) | ||
| 037 | _cTB | ||
| 040 |
_aCRL _cCRL |
||
| 041 |
_2hin _ahin |
||
| 084 |
_aNW44 152P0 _qCRL |
||
| 245 | _aफिल्म का सौंदर्यशास्त्र और भारतीय सिनेमा | ||
| 260 |
_aदिल्ली, भारत: _bशिल्पायन, _c2000 |
||
| 300 | _a277 पृ0 | ||
| 365 |
_b400.00 _cINR |
||
| 650 | _aसिनेमा | ||
| 700 | _aप्रसाद, कमला (संपादक) | ||
| 942 |
_2CC _cTB _hNW44 152P0 _n0 |
||
| 999 |
_c1238366 _d1238366 |
||